000 00599nam a2200229 a 4500
001 0001-0833
003 ELIB.Books
008 140828 2010 eng
020 _aKBTS
035 _a(ELIB.Books)0001-0987
092 _aThesis
_bSus
100 _aSusanna John, Naw
245 _aThe Role of Youth Minister in Youth Ministry
260 _aKBTS; Insein
_bKaren Baptist Theological Seminary
_c2010
300 _c29.7 Cm
650 _aThesis
856 _nKBTS; Library
_uKBTS; Elib.
942 _2ddc
_cBK
990 _a1
998 _cbat
_e2014-08-28
999 _c10833
_d10833